000 00950cam a2200193 4500
001 WB3724-40
008 000000n2001 000 0 eng u
035 _a(Sirsi) u113161
245 _aIndustry bodies back SPLINTA
260 _c2001
490 _aNegotiator
_v16(12) 15 June 2001, 5(1)
520 _aThe anti-Seller's Pack pressure group SPLINTA, which stands for 'Seller's Pack Law is not the Answer', that has so far been backed by 219 individuals, has gained further significant support from industry bodies. The Law Society and Land Law Committee, the Independent Association of Estate Agents, Knight Frank Corporate, and the Independent Mortgage Lenders Association, have all given their backing to the pressure group. SPLINTA has also called on the NAEA to ballot its members.
590 _aWB
650 _aSPLINTA
650 _aSELLERS PACKS
650 _aPRESSURE GROUP
690 _aPROPERTY AND LAND LAW-AGENCY
942 _n0
999 _c67384
_d67384